000 00561nam a22001697a 4500
003 OSt
005 20260209080953.0
008 260209b |||||||| |||| 00| 0 eng d
020 _a0517542587
040 _cHARMONY BOOKS
050 _aTL 788 .I44 1981
_b.I44 1981
245 _aTHE ILLUSTRATED ENCYCLOPEDIA OF SPACE TECHNOLOGY/
_cPHILIP DE STE. CROIX
250 _a1st edition
260 _aNEWYORK:
_bHARMONY BOOKS,
_c1981.
300 _a301 pages,
_bhardcover, ill .: col , includes bibliographic index and references.;
_c30 cm.
942 _2lcc
_cBK
_e1edition
_n0
999 _c9943
_d9943